000
00231nam a22000977a 4500
999
_c
264745
_d
264744
020
_a
9780689866852
100
_a
Andrew Clements
245
_a
Lunch money
260
_a
New York
_b
Atheneum Books for Young Readers
_c
2005
942
_c
BK